ՀՀ Գիտությունների ազգային ակադեմիայի հիմնարար գիտական գրադարան  =   Fundamental Scientific Library of NAS RA

Ինֆեռնո : (Record no. 362149)

MARC details
000 -LEADER
fixed length control field 01026nam a2200265 a 4500
001 - CONTROL NUMBER
control field 001127445
003 - CONTROL NUMBER IDENTIFIER
control field AM-YeHGA
005 - DATE AND TIME OF LATEST TRANSACTION
control field 20260326120953.0
008 - FIXED-LENGTH DATA ELEMENTS--GENERAL INFORMATION
fixed length control field 160205s2015 ai c|||gr|||||000|f|arm||
020 ## - INTERNATIONAL STANDARD BOOK NUMBER
International Standard Book Number 9789939684246
040 ## - CATALOGING SOURCE
Original cataloging agency AM-YeHGA
041 1# - LANGUAGE CODE
Language code of text/sound track or separate title arm
Language code of original eng
090 ## - LOCALLY ASSIGNED LC-TYPE CALL NUMBER (OCLC); LOCAL CALL NUMBER (RLIN)
-- 363997
100 1# - MAIN ENTRY--PERSONAL NAME
Personal name Բրաուն, Դեն,
Dates associated with a name 1964-
245 10 - TITLE STATEMENT
Title Ինֆեռնո :
Remainder of title Վեպ = Inferno : a novel /
Statement of responsibility, etc. Դեն Բրաուն; Թարգմանիչ՝ Վահե Արսեն.
246 11 - VARYING FORM OF TITLE
Title proper/short title Inferno :
Remainder of title a novel
260 ## - PUBLICATION, DISTRIBUTION, ETC.
Place of publication, distribution, etc. Երևան :
Name of publisher, distributor, etc. Զանգակ,
Date of publication, distribution, etc. 2015.
300 ## - PHYSICAL DESCRIPTION
Extent 509 էջ :
Other physical details դիմանկ. ;
Dimensions 24 սմ.
504 ## - BIBLIOGRAPHY, ETC. NOTE
Bibliography, etc. note Տողատակում՝ մատենագիտական ծանոթագրություններ:
600 14 - SUBJECT ADDED ENTRY--PERSONAL NAME
Personal name Լանգդոն, Ռոբերտ (Հորինված կերպար)
Form subdivision Գեղարվեստական արձակ
650 14 - SUBJECT ADDED ENTRY--TOPICAL TERM
Topical term or geographic name entry element Ամերիկյան արձակ
Chronological subdivision 21-րդ դար
9 (RLIN) 8860
650 14 - SUBJECT ADDED ENTRY--TOPICAL TERM
Topical term or geographic name entry element Գաղտնագրողներ
Form subdivision Գեղարվեստական արձակ
650 14 - SUBJECT ADDED ENTRY--TOPICAL TERM
Topical term or geographic name entry element Բեսթսելերներ
942 00 - ADDED ENTRY ELEMENTS (KOHA)
Koha issues (borrowed), all copies 1
Holdings
Withdrawn status Lost status Damaged status Not for loan Collection Home library Current library Date acquired Shelving control number Total checkouts Full call number Barcode Date last seen Date last checked out Price effective from Koha item type Public note
        General Fundamental Scientific Library Fundamental Scientific Library 11/01/2017   2 AII/101614 FL0407734 26/03/2026 26/03/2026 11/01/2017 Գրքեր / Books 30 Days Loan


ՀՀ ԳԱԱ հիմնարար գիտական գրադարան
ՀՀ,Երևան 0019
Մարշալ Բաղրամյան 24/6
հեռախոս:(374-10) 52-47-50
Հետադարձ կապ

All site content, except where otherwise noted, is licensed under a
Creative Commons License